00998nam a2200217 a 450000100100000000500170001000800410002702000180006804000250008608200150011110000430012624500720016926000360024130000210027750000700029870000350036895201280040395201130053195201190064499900170076300004470820201002045551.0150107s2014 dr 000 0 spa d a9789945081312 aDO-SdBNPbspacBNPHU axxxxbxxxx1 aPi. Esd1971-q(Santana, Pedro)97270710aEntre la mente y el espíritu /cPi. Es ; prólogo Diego A. Sosa. aSanto Domingo :bBúho,c2014. a148 p. ;c23 cm. aIncluye datos biográficos del autor en la solapa de la cubierta1 aSosa, Diego A.epról.969071 001054708DSaGRbGRcCTd2015-01-07iLF1l0oxxxx xxxxp44708-30r2020-06-25te. 3w2020-06-25yLFDSZPréstamo en sala 0010718PDaPDbPDcCTd2015-01-07iLF1l0oxxxx xxxxp44708-10r2020-06-25w2020-06-25yLFPDZNo se presta 0010718PDaPDbPDcCTd2015-01-07iLF1l0oxxxx xxxxp44708-20r2020-06-25te. 2w2020-06-25yLFPDZNo se presta c44197d44197